Manual del empleado de cárceles (Record no. 159181)

MARC details
000 -LEADER
campo de control de longitud fija 01449nam a2200265 i 4500
001 - NÚMERO DE CONTROL
campo de control 159181
003 - IDENTIFICADOR DE NÚMERO DE CONTROL
campo de control ES-MaACL
005 - FECHA Y HORA DE LA ÚLTIMA TRANSACCIÓN
campo de control 20250719062544.0
008 - DATOS DE LONGITUD FIJA--INFORMACIÓN GENERAL
campo de control de longitud fija 040908s1886 sp |||| | spa d
100 1# - ENTRADA PRINCIPAL--NOMBRE DE PERSONA
Nombre de persona Mauleón y Jimeno, F.
9 (RLIN) 129738
245 10 - MENCIÓN DEL TÍTULO
Título Manual del empleado de cárceles
Resto del título o Recopilación de todas las disposiciones vigentes en materia carcelaria /
Mención de responsabilidad, etc. por F. Mauleón y Jimeno y J. Rabadán y Ramírez.
246 30 - FORMA VARIANTE DEL TITULO
Título propio/Titulo breve Recopilación de todas las disposiciones vigentes en materia carcelaria
260 ## - PUBLICACIÓN, DISTRIBUCIÓN, ETC.
Lugar de publicación, distribución, etc. Madrid :
Nombre del editor, distribuidor, etc. [s.n.],
Fecha de publicación, distribución, etc. 1886 (
Fabricante Est. tip. de Ramón Angulo)
300 ## - DESCRIPCIÓN FÍSICA
Extensión 205 p. ;
Dimensiones 21 cm.
650 ## - PUNTO DE ACCESO ADICIONAL DE MATERIA--TÉRMINO DE MATERIA
Término de materia o nombre geográfico como elemento de entrada Derecho penitenciario-
Subdivisión geográfica España.
9 (RLIN) 176229
650 ## - PUNTO DE ACCESO ADICIONAL DE MATERIA--TÉRMINO DE MATERIA
Término de materia o nombre geográfico como elemento de entrada Derecho penitenciario-
Subdivisión geográfica España.
9 (RLIN) 176229
650 #4 - PUNTO DE ACCESO ADICIONAL DE MATERIA--TÉRMINO DE MATERIA
Término de materia o nombre geográfico como elemento de entrada Establecimientos penitenciarios-
Subdivisión general Personal.
9 (RLIN) 150562
700 1# - ENTRADA AGREGADA--NOMBRE PERSONAL
Nombre de persona Rabadán y Ramírez, J.
9 (RLIN) 131541
710 1# - ENTRADA AGREGADA--NOMBRE DE ENTIDAD CORPORATIVA
Nombre de entidad corporativa o nombre de jurisdicción como elemento de entrada España.
Título de la obra Leyes, etc. penitenciarias.
9 (RLIN) 3836
852 ## - LOCALIZACIÓN
Ubicación ES-MaACL
Número de control de estantería D-262(7)
itemnumber 165122
Sublocalización o colección R.FOLL.11/7
Ubicación en estantería Sala Valle Inclán
Signatura antigua Olim: 193-C-18
Marcas de propiedad Sello en tinta en portada: "Donativo del Sr. Lastres al Ateneo de Madrid, 1907"
-- Sello en tint en cubierta: "S.E.P. Biblioteca. Madrid"
Anotaciones manuscritas Anotación manuscrita en cubierta: "Estudios penitenciarios, Tomo 18"
Encuadernación Encuadernado con otras obras formando un volumen facticio
-- Encuadernación holandesa
903 ## - NOMBRE PERSONAL DE DONANTE
a Lastres y Juiz, Francisco,
d 1848-1918
e Donante
q 1
9 70504
942 ## - ELEMENTOS DE ENTRADA SECUNDARIOS (KOHA)
Fuente del sistema de clasificación o colocación Clasificación decimal universal
Tipo de ítem Koha Libro impreso antiguo
Holdings
Estatus retirado Estado de pérdida Fuente del sistema de clasificación o colocación Estado de daño No para préstamo Colección Biblioteca de origen Biblioteca actual Ubicación en estantería Fecha de adquisición Fuente de adquisición Total de préstamos Signatura topográfica completa Código de barras Visto por última vez Precio de reemplazo Tipo de ítem Koha
    Clasificación decimal universal     Libros del s. XIX Biblioteca del Ateneo de Madrid Biblioteca del Ateneo de Madrid Sala Valle Inclán 17/01/2008 Donación   D-262(7) 901166639 23/02/2023 23/02/2023 Libro impreso antiguo